• 首页
  • 本馆介绍
  • 公告通知
  • 最新文献
  • 馆藏检索
  • 电子资源
  • 读者导购
  • 参考咨询
  • 我的图书馆
  • 登录
  • 详细信息显示
  • 放入我的书架
  • 预约/预借图书
  • 作者相关作品
  • 分类相关作品
  • 丛书相关作品
  • 出版社相关作品

书目信息

  • 表格格式
  • 工作单格式
  • 卡片格式
题名:
作文阅读好帮手
    
 
作者: 唐斌 主编
分册:   同步作文
出版信息: 延吉   延边大学出版社  2016.08
页数: 114页
开本: 26cm
丛书名:
单 册:
中图分类: G624.243
科图分类:
主题词: 作文课--zuo wen ke--小学--教学参考资料
电子资源:
ISBN: 978-7-5688-0850-7
000 01066nam0 2200241 450
001 0104125613
005 20201104125711.0
010    @a978-7-5688-0850-7@dCNY19.00
100    @a20171116e20182016cemy0chiy50 ea
101 0  @achi
102    @aCN@b220000
105    @ay z 000yy
106    @ar
200 1  @a作文阅读好帮手@Azuo wen yue du hao bang shou@i同步作文@i6年级上册@eRJ@f唐斌主编
210    @a延吉@c延边大学出版社@d2016.08@h2018.05
215    @a114页@d26cm
314    @a封面题:唐斌主编
330    @a最新《语文课程标准》明确指出引导学生“多读书、多积累,重视语言文字运用的实践”。阅读就是“读书与积累”的重要方式,写作更是语言文字运用实践的重要体现。但是,对于广大学生来说,写作与阅读恰恰是语文学习过程中的重点与难点。为了帮助同学们全面理解、攻克这两大重点与难点,我们以最新《语文课程标准》为指导,针对各年级写作与阅读的不同要求,精心编写了这套《作文阅读好帮手》。
606 0  @a作文课@Azuo wen ke@x小学@j教学参考资料
690    @aG624.243@v5
701  0 @a唐斌@Atang bin@4主编
801  0 @aCN@bBJSZM@c20201104
905    @b1259896-900@dG624.243@e1136@f5
    
    作文阅读好帮手.同步作文.6年级上册:RJ/唐斌主编.-延吉:延边大学出版社,2016.08(2018.05)
    114页;26cm
    
    
    ISBN 978-7-5688-0850-7:CNY19.00
    最新《语文课程标准》明确指出引导学生“多读书、多积累,重视语言文字运用的实践”。阅读就是“读书与积累”的重要方式,写作更是语言文字运用实践的重要体现。但是,对于广大学生来说,写作与阅读恰恰是语文学习过程中的重点与难点。为了帮助同学们全面理解、攻克这两大重点与难点,我们以最新《语文课程标准》为指导,针对各年级写作与阅读的不同要求,精心编写了这套《作文阅读好帮手》。
●
相关链接 在E读中查询图书 在五车中查询图书 在当当中查询图书 在豆瓣中查询图书


正题名:作文阅读好帮手     索取号:G624.243/1136         预约/预借

序号 登录号 条形码 馆藏地/架位号 状态 备注
1 1259896   212598964   第一样本阅览室/ [索取号:G624.243/1136] 在馆    
2 1259897   212598973   教育系资料室/ [索取号:G624.243/1136] 在馆    
3 1259898   212598982   教育系资料室/ [索取号:G624.243/1136] 在馆    
4 1259899   212598991   第四借阅区/ [索取号:G624.243/1136] 在馆    
5 1259900   212599008   第四借阅区/ [索取号:G624.243/1136] 在馆    
唐山师范学院图书馆 欢迎您!
大连网信软件有限公司© 版权所有